Joe Pesci Movies by Clue - Statistics

General Stats
  • This quiz has been taken 94 times
  • The average score is 7 of 12
Answer Stats
Year Hint Movie % Correct
1990 He is a "Wet Bandit" who attempts to burglarize a home. Home Alone
95%
1990 Pesci is Tommy DeVito, a "funny" psychopath. Goodfellas
92%
1995 He plays mob enforcer Nicky Santoro in Las Vegas. Casino
87%
1980 Pesci plays Jake LaMotta's younger brother. Raging Bull
82%
1992 New Yorkers arrested in Alabama hire a cousin to defend them. My Cousin Vinny
77%
2019 A truck driver becomes a hitman involved with a mobster (Pesci). The Irishman
65%
1984 Sergio Leone film about gangsters in New York Once Upon a Time in America
55%
1991 Pilot David Ferrie is investigated about a presidential assassination. JFK
52%
1989 Pesci is Leo Getz, an irritating federal witness. Lethal Weapon 2
51%
1993 This New York mafia film was De Niro's directorial debut. A Bronx Tale
30%
1988 Pesci is Mr. Big, a mobster after Michael Jackson. Moonwalker
18%
1997 Two friends' angling trip to Florida does not go as planned. Gone Fishin'
16%
No matching quizzes found
Score Distribution
Percent of People with Each Score
Percentile by Number Answered
Your Score History
You have not taken this quiz